Pays transcontinentaux (à cheval sur deux continents) - Statistiques

Statistiques générales
  • Ce quiz a été pris 80 fois
  • Le résultat moyen est 5 sur 6
Statistiques - réponses
Continent 1 Continent 2 Pays % Correct
Europe Asie Russie
99%
Europe Asie Turquie
96%
Europe Asie Géorgie
79%
Europe Asie Azerbaïdjan
73%
Afrique Asie Égypte
73%
Europe Asie Kazakhstan
61%
Aucun quiz correspondant
Distribution des résultats
% des personnes avec chaque résultat
Percentile par nombre de réponses
Votre historique - résultats
Vous n’avez pas pris ce quiz